000 00239nam a22000857a 4500
008 161214b xxu||||| |||| 00| 0 eng d
100 _92051
_aNovelly M.C
245 _aThyeatre Games for Young Performer
260 _aColorado
_bMeriwether
_cmcmLXXXV
999 _c4921
_d4921